A római embereszmény és a magyar pedagógia

Elmentve itt :
Bibliográfiai részletek
Szerző: Visy József
Dokumentumtípus: Cikk
Megjelent: 1940
Sorozat:Szellem és élet 4 No. 3
Kulcsszavak:Filozófia, Művelődéstörténet, Neveléstudomány
Tárgyszavak:
Online Access:http://acta.bibl.u-szeged.hu/12090
LEADER 00706nab a2200193 i 4500
001 acta12090
005 20250904092420.0
008 161015s1940 hu o 000 hun d
040 |a SZTE Egyetemi Kiadványok Repozitórium  |b hun 
041 |a hun 
100 1 |a Visy József 
245 1 2 |a A római embereszmény és a magyar pedagógia  |h [elektronikus dokumentum] /  |c  Visy József 
260 |c 1940 
300 |a 101-117 
490 0 |a Szellem és élet  |v 4 No. 3 
650 4 |a Bölcsészettudományok 
650 4 |a Filozófia, etika és vallástudományok 
695 |a Filozófia, Művelődéstörténet, Neveléstudomány 
856 4 0 |u http://acta.bibl.u-szeged.hu/12090/1/szellem_1940_003_101-117.pdf  |z Dokumentum-elérés